000
00292nam a2200133Ia 4500
100
_a
Rajaraman/V
250
_a
3
942
_c
BK
654
_a
programming
245
_a
Computer programming in fortran -77
260
_b
prentice hall
_a
New Delhi
_c
1988
300
_a
182
546
_a
ENGLISH
999
_c
24134
_d
24134